Principles of crop production (Record no. 793225)

MARC details
000 -LEADER
fixed length control field 00568nam a2200217Ia 4500
008 - FIXED-LENGTH DATA ELEMENTS--GENERAL INFORMATION
fixed length control field 101110s9999 xx 000 0 und d
041 ## - LANGUAGE CODE
Language code of text/sound track or separate title ENGLISH
082 ## - DEWEY DECIMAL CLASSIFICATION NUMBER
Item number FR71
100 ## - MAIN ENTRY--PERSONAL NAME
Personal name Reddy S.R.
245 ## - TITLE STATEMENT
Title Principles of crop production
260 ## - PUBLICATION, DISTRIBUTION, ETC. (IMPRINT)
Date of publication, distribution, etc 2003
Name of publisher, distributor, etc Kalyani publication, Ludhiana
300 ## - PHYSICAL DESCRIPTION
Extent 428
365 ## - TRADE PRICE
Price amount 200
520 ## - SUMMARY, ETC.
Summary, etc Dry-land Agriculture
546 ## - LANGUAGE NOTE
Language note ENGLISH
630 ## - SUBJECT ADDED ENTRY--UNIFORM TITLE
Uniform title Principles of crop production
650 ## - SUBJECT ADDED ENTRY--TOPICAL TERM
Topical term or geographic name as entry element Dry-land Agriculture
655 ## - INDEX TERM--GENRE/FORM
Genre/form data or focus term Dry-land Agriculture
730 ## - ADDED ENTRY--UNIFORM TITLE
Uniform title Principles of crop production
942 ## - ADDED ENTRY ELEMENTS (KOHA)
Koha item type Book
Holdings
Withdrawn status Lost status Damaged status Not for loan Home library Current library Date acquired Source of acquisition Cost, normal purchase price Shelving control number Total Checkouts Barcode Date last seen Price effective from Koha item type
        D. B. J. College, Chiplun D. B. J. College, Chiplun   Anjani prakashan, Pune, bill 2787, dt.31/3/04 200.00     DBJFR71 11/11/2010 11/11/2010 Book